Регионална библиотека "Любен Каравелов" - Русе

Эпоха великих реформ (Запис номер 431993)

MARC детайли
000 -Лидер
Контролно поле с фиксирана дължина nam a22 a 4500
003 - Код на организацията, давaща контролен номер
Контролно поле BLK
005 - Дата и час на последна редакция
Контролно поле 20210915170914.0
008 - Елементи от данни с фиксирана дължина
fixed length control field 210915b bu |||||r|||| 00| | bu d
040 ## - Източник на каталожния запис
Идентификатор на билиотеката - собственик на записа BLK
041 ## - Код за език
Код за езика на текст/звукозапис или на отделно заглавие Руски
Код за езика КДБФ Руски
080 ## - УДК
Текстов определител УДК История на Русия и СССР. Вж и 936 ; 957
УДК код - определител по УДК 94(470)
УДК - код + определител 94(470)
100 ## - Редна дума - Автор
R(LIN) 1299
Автор Джаншиев, Григорий Аветович
Авторска отговорност първи автор
139 ## - Редно поле
Редна дума Джаншиев, Григорий Аветович
245 ## - Сведения за заглавието
Заглавие Эпоха великих реформ
Подзаглавни данни (Освобождение крестьян. Отмена телесн. наказ. Университ. автономия. Земство. Цензур. реформа. Гласный суд. Воинская реформа. Город. самоуправление. Из обществ. хрон. Деятели преобр. эпохи) : Ист. справки : С портр. грр. С. С. Ланского, Я. И. Ростовцева, Я. А. Соловьева [и др.]
Редно поле (дума) Гр. Джаншиев
250 ## - Област на изданието
Сведения за изданието 7-е изд., доп
257 ## - Страна на издаване
Страна на създаване/издаване Русия
260 ## - Област на издателските данни
9 (RLIN) 464248
Място на издаване, разпространение и проч. Москва
Име на издателя, разпространителя и проч. Типо-лит. К. Ф. Александров
Година на издаване 1898
300 ## - Физическа характеристика
Страници LXX, [2], 896, X с.
Илюстрации и др. портр.
Размери/Мащаб 23 см
380 ## - Жанр
Жанр История
490 ## - СЕРИИ (Колекции)
9 (RLIN) 435080
Име на серия Колекция Редки и ценни издания
504 ## - Забележка за наличие на библиография и др
Забележка за наличие на библиография и под. Библиогр. в примеч.
650 #0 - Допълнително описание по предмет – тема
9 (RLIN) 249447
Основно описание – тема или топоним История - Русия
852 ## - Местоположение
Форматна сигнатура Рр 898
Фондова буква Редки и ценни
999 ## - СИСТЕМНИ КОНТРОЛНИ НОМЕРА
Koha biblionumber 431993
Koha biblioitemnumber 431993
942 ## - АРТИКУЛИ
Вид на библиотечния материал Книги
Скрит в OPAC Не
Периодичен библиозапис Да
944 ## - СЪЗДАВАНЕ И РЕДАКЦИЯ на ЗАПИСА
Създаване/Редакция Създаване
Дата на регистрацията/редакция 2021-09-15
Служител, извършил регистрацията/редакцията ВП
Наличности
Код за отписване Код за изгубен артикул Източник на класификационната схема Код за повреда Коз за рестрикции Код за отдаване Артикулен № Име на библиотеката - собственик Име на библиотеката, в която се намира в момента Статус (Текущо местоположение) Дата на вписване в системата Местоположение - отдел Цена в лева Инвентарен номер Систематично азбучна сигнатура Баркод Цена в евро Служебен тип на артикула
  Не е изгубен Universal Decimal Classification Не е повреден само за читалня Специални фондове ( старопечатни, редки и ценни, фонд М. Арнаудов) 855587 Регионална библиотека "Любен Каравелов" Русе Регионална библиотека "Любен Каравелов" Русе Редки и ценни 2021-09-27 Редки и ценни 0.78 7721 Рр 898 900000078473 0.40 Книги
Vip Innovations Ltd, Rousse, Bulgaria 2025